Symposium on reconstruction in head and neck surgery / (Record no. 1495)

MARC details
000 -LEADER
fixed length control field 01421cam a2200397 a 4500
001 - CONTROL NUMBER
control field data
005 - DATE AND TIME OF LATEST TRANSACTION
control field 20260322212103.0
008 - FIXED-LENGTH DATA ELEMENTS--GENERAL INFORMATION
fixed length control field data
035 ## - SYSTEM CONTROL NUMBER
System control number 2349687
010 ## - LIBRARY OF CONGRESS CONTROL NUMBER
LC control number 83004481
035 ## - SYSTEM CONTROL NUMBER
-- (DLC) 83004481
040 ## - CATALOGING SOURCE
Original cataloging agency DLC
Transcribing agency DLC
Modifying agency OCoLC
-- OCoLC
050 10 - LIBRARY OF CONGRESS CALL NUMBER
Classification number RD521
Item number .O85 vol. 16, no. 2
Classification number RD521
060 ## - NATIONAL LIBRARY OF MEDICINE CALL NUMBER
Classification number WE 705 S99206
-- WE 705 S99206
082 00 - DEWEY DECIMAL CLASSIFICATION NUMBER
Classification number 617/.510592
-- 617/.510592
Edition information 19
245 00 - TITLE STATEMENT
Title Symposium on reconstruction in head and neck surgery /
Statement of responsibility, etc. C. Thomas Yarington, Jr., guest editor.
260 ## - PUBLICATION, DISTRIBUTION, ETC.
Place of publication, distribution, etc. Philadelphia :
Name of publisher, distributor, etc. Saunders,
Date of publication, distribution, etc. c1983.
300 ## - PHYSICAL DESCRIPTION
Extent vii p., p. 305-469 :
Other physical details ill. ;
Dimensions 24 cm.
336 ## - CONTENT TYPE
Content type term text
Content type code txt
Source rdacontent
337 ## - MEDIA TYPE
Media type term unmediated
Media type code n
Source rdamedia
338 ## - CARRIER TYPE
Carrier type term volume
Carrier type code nc
Source rdacarrier
490 1# - SERIES STATEMENT
Series statement The Otolaryngologic clinics of North America,
International Standard Serial Number 0030-6665 ;
Volume/sequential designation v. 16, no. 2 (May 1983)
500 ## - GENERAL NOTE
General note Cover title: Reconstruction in head and neck surgery.
504 ## - BIBLIOGRAPHY, ETC. NOTE
Bibliography, etc. note Includes bibliographies and index.
650 #0 - SUBJECT ADDED ENTRY--TOPICAL TERM
Topical term or geographic name entry element Head
General subdivision Surgery.
650 #0 - SUBJECT ADDED ENTRY--TOPICAL TERM
Topical term or geographic name entry element Neck
General subdivision Surgery.
650 #0 - SUBJECT ADDED ENTRY--TOPICAL TERM
Topical term or geographic name entry element Surgery, Plastic.
650 #2 - SUBJECT ADDED ENTRY--TOPICAL TERM
Topical term or geographic name entry element Head
General subdivision Surgery.
650 #2 - SUBJECT ADDED ENTRY--TOPICAL TERM
Topical term or geographic name entry element Neck
General subdivision Surgery.
650 #2 - SUBJECT ADDED ENTRY--TOPICAL TERM
Topical term or geographic name entry element Surgery, Plastic.
700 1# - ADDED ENTRY--PERSONAL NAME
Personal name Yarington, C. Thomas,
Dates associated with a name 1934-
740 0# - ADDED ENTRY--UNCONTROLLED RELATED/ANALYTICAL TITLE
Uncontrolled related/analytical title Reconstruction in head and neck surgery.
830 #0 - SERIES ADDED ENTRY--UNIFORM TITLE
Uniform title Otolaryngologic clinics of North America ;
Volume/sequential designation v. 16, no. 2.
906 ## - LOCAL DATA ELEMENT F, LDF (RLIN)
a 7
b cbc
c orignew
d 1
e ocip
f 19
g y-gencatlg
Holdings
Withdrawn status Lost status Damaged status Not for loan Home library Current library Shelving location Date acquired Total checkouts Full call number Barcode Date last seen Price effective from Koha item type
        Riverside Riverside General stacks 22/03/2026   617/.51 s LOC-RPL-00042 22/03/2026 22/03/2026 Books